Rock i metal -Quiz muzyczny #2 - Statystyki

Ogólne statystyki
  • Ten quiz został rozwiązany 590 razy
    548 od ostatniego zresetowania
  • Średni wynik to 14 z 54
Statystyki odpowiedzi
Tytuł Wykonawca % Poprawnych
Another One Bites the Dust Queen
83%
Californication Red Hot Chili Peppers
77%
Iron Man Black Sabbath
75%
The Trooper Iron Maiden
70%
Heart-Shaped Box Nirvana
63%
Immigrant Song Led Zeppelin
62%
Battery Metallica
60%
Song 2 Blur
55%
Take me to Church Hozier
50%
Born in the USA Bruce Springsteen
46%
Painkiller Judas Priest
44%
Killing in the Name Rage Against the Machine
43%
Crawling Linkin Park
41%
Perfect Strangers Deep Purple
40%
Big Jack AC/DC
36%
Ziggy Stardust David Bowie
36%
Crosstown Traffic Jimi Hendrix
34%
Everlong Foo Fighters
33%
Sweet Emotion Aerosmith
32%
Down with the Sickness Disturbed
31%
Sharp Dressed Man ZZ Top
28%
Here I go Again Whitesnake
26%
Through the Fire and Flames DragonForce
23%
We're not Gonna Take it Twisted Sister
22%
Too Hot for Teacher Van Halen
22%
Owner of a Lonely Heart Yes
21%
Spoonman Sound Garden
20%
Bodies Drowning Pool
19%
All Along the Watchtower Bob Dylan
18%
Mother Danzig
14%
Mama Genesis
14%
I Wanna be Sedated Ramones
14%
What's my Age Again? Blink-182
13%
Free Fallin Tom Petty
13%
Aqualung Jethro Tull
11%
Give it All Rise Against
11%
Life Wasted Pearl Jam
10%
Intergalactic Beastie Boys
8%
Godzilla Blue Oyster Cult
8%
Gasoline Audioslave
7%
Louie Louie Iggy Pop
7%
Turn! Turn! Turn! The Byrds
6%
American Woman Guess Who
5%
Baby Don't Cry INXS
5%
You Oughta Know Alanis Morissette
4%
Only Happy When it Rains Garbage
4%
Woman Wolfmother
3%
Infected Bad Religion
2%
Wisdoms of the Kings Rhapsody of Fire
2%
Take it Off The Donnas
2%
Alabama Getaway Grateful Dead
1%
Lasso Phoenix
1%
Get Free The Vines
1%
Red Wine and You Steve Tyler
0%
Nie znaleziono quizów pasujących do podanych kryteriów
Rozkład punktacji
Procent ludzi z każdym wynikiem
Percentyl według liczby udzielonych odpowiedzi
Twoja historia wyników
Nie rozwiązałeś tego quizu od ostatniego zresetowania